| 000 | 00501nam a22001697a 4500 | ||
|---|---|---|---|
| 020 | _a9789698535384 | ||
| 082 |
_a672.4223 _bHAS |
||
| 100 | _aHassan, M Naweed | ||
| 245 |
_aIntroduction to Workshop Technology / _cM Naweed Hassan |
||
| 250 | _a3rd Edition. | ||
| 260 |
_aIslamabad : _bNUST Printing Press, _c2019. |
||
| 300 |
_a145p. ; _c22 cm. |
||
| 650 |
_aWorkshops _aMachine-shop practice _9113854 |
||
| 942 |
_2ddc _cBK |
||
| 999 |
_c587819 _d587819 |
||